Bilecik Bilecik Bilecik Bilecik Bilecik

İnsanın estetik eğitimi üzerine bir dizi mektup/ (Record no. 28550)

MARC details
000 -BAŞLIK
Sabit Uzunluktaki Kontrol Alanı 01212nam a22003737a 4500
008 - SABİT UZUNLUKTAKİ VERİ ÖGELERİ - GENEL BİLGİ
Sabit Alan 110317b2001 tu |||gr||||#||||0|tur |
040 ## - KATALOGLAMA KAYNAĞI
Özgün Kataloglama Kurumu TR-BiSEU
Kataloglama Dili tur
Çeviri Kurumu TR-BiSEU
Açıklama Kuralları rda
001 - KONTROL NUMARASI
Control Dosyası 0028628
003 - KONTROL NUMARASI KİMLİĞİ
Kontrol Alanı KOHA_MİRAKIL
005 - EN SON İŞLEM TARİHİ ve ZAMANI
Kontrol Alanı 20260207002636.0
007 - FİZİKSEL TANIM SABİT ALAN - GENEL BİLGİ
Sabit uzunluklu kontrol alanı ta
020 ## - ISBN - ULUSLARARASI STANDART KİTAP NUMARASI
Isbn 9751727235
041 0# - DİL KODU
Metin ya da ses kaydının dil kodu tur
044 ## - YAYINLAYAN/ÜRETEN KURULUŞUN ÜLKE KODU
ISO country code tu
050 ## - SINIFLAMA ve YER NUMARASI
Sınıflama Numarası B3086
Yer Numarası .S33 2001
100 1# - KİŞİ ADI
Yazar Adı (Kişi adı) Schiller, Friedrich.
245 1# - ESER ADI BİLDİRİMİ
Başlık İnsanın estetik eğitimi üzerine bir dizi mektup/
Sorumluluk Bildirimi Friedrich Schiller ; F. Schiller ; çeviri G. Aytaç.
264 #1 - ÜRERİM, YAYIN, DAĞITIM ve TELİF BİLDİRİMİ
Yayın yeri Ankara :
Yayınlayan Kültür Bakanlığı
Yayın tarihi 2001
300 ## - FİZİKSEL TANIMLAMA
Sayfa, Cilt vb. XVII, 172 sayfa ;
Boyutları 20 cm
336 ## - İÇERİK TÜRÜ
Content type term metin
Content type code txt
Source rdacontent
337 ## - MEDYA TÜRÜ
Media type term aracısız
Media type code n
Source rdamedia
338 ## - TAŞIYICI TÜRÜ
Carrier type term cilt
Carrier type code nc
Source rdacarrier
490 1# - DİZİ BİLDİRİMİ
Dizi Bildirimi C.
490 1# - DİZİ BİLDİRİMİ
Dizi Bildirimi Kültür Bakanlığı yayınları ;
Cilt Numarası 2611.
490 1# - DİZİ BİLDİRİMİ
Dizi Bildirimi Yayımlar Dairesi Başkanlığı Dünya edebiyatı Eserleri dizisi ;
Cilt Numarası 54
490 1# - DİZİ BİLDİRİMİ
Dizi Bildirimi T.
650 #0 - KONU BAŞLIĞI EK GİRİŞ - KONU TERİMİ
Konusal terim veya coğrafi ad Aesthetics.
9 (RLIN) 22588
650 #0 - KONU BAŞLIĞI EK GİRİŞ - KONU TERİMİ
Konusal terim veya coğrafi ad Philosophy.
9 (RLIN) 3266
830 1# - SERİ EK GİRİŞİ - TEKBİÇİM ESER ADI
Tekbiçim Başlık T.
9 (RLIN) 5918
830 1# - SERİ EK GİRİŞİ - TEKBİÇİM ESER ADI
Tekbiçim Başlık C.
9 (RLIN) 5919
830 1# - SERİ EK GİRİŞİ - TEKBİÇİM ESER ADI
Tekbiçim Başlık Kültür Bakanlığı yayınları ;
Volume number/sequential designation 2611.
9 (RLIN) 6658
830 1# - SERİ EK GİRİŞİ - TEKBİÇİM ESER ADI
Tekbiçim Başlık Yayımlar Dairesi Başkanlığı Dünya edebiyatı Eserleri dizisi ;
Volume number/sequential designation 54
9 (RLIN) 56713
942 ## - EK GİRİŞ ÖGELERİ (KOHA)
Source of classification or shelving scheme Library of Congress Classification
Koha item type Book
Holdings
Materyal Türü Kalıcı Konum Mevcut Konum Raf Yeri Sınıflandırma Kaynağı Edinim Bilgisi Ana Konular Alt Konular Yer Numarası Demirbaş Numarası Fatura Tarihi Geri Çekilme Durumu Kayıp Durumu Hasarlı Durumu Kredi için değil Kayıt Tarih Toplam Ödünçverme Son Görülme Tarihi Son Kontrol Tarihi Genel / Bağış Notu
Book Prof. Dr. Azmi Özcan Kütüphanesi Prof. Dr. Azmi Özcan Kütüphanesi Uluğbey Salonu Library of Congress Classification Bağış FELSEFE, PSİKOLOJİ, DİN Felsefe (Genel) B3086 .S33 2001 0028628 02/02/2026         17/03/2011   05/12/2024 05/12/2024 Ali Esat Dalka